<?xml version="1.0" encoding="UTF-8"?><?xml-stylesheet type="text/xsl" href="static/style.xsl"?><OAI-PMH xmlns="http://www.openarchives.org/OAI/2.0/" xmlns:xsi="http://www.w3.org/2001/XMLSchema-instance" xsi:schemaLocation="http://www.openarchives.org/OAI/2.0/ http://www.openarchives.org/OAI/2.0/OAI-PMH.xsd"><responseDate>2026-04-17T14:19:14Z</responseDate><request verb="GetRecord" identifier="oai:www.recercat.cat:2072/476958" metadataPrefix="marc">https://recercat.cat/oai/request</request><GetRecord><record><header><identifier>oai:recercat.cat:2072/476958</identifier><datestamp>2024-11-04T08:19:08Z</datestamp><setSpec>com_2072_98</setSpec><setSpec>col_2072_378192</setSpec></header><metadata><record xmlns="http://www.loc.gov/MARC21/slim" xmlns:dcterms="http://purl.org/dc/terms/" xmlns:xsi="http://www.w3.org/2001/XMLSchema-instance" xmlns:doc="http://www.lyncode.com/xoai" xsi:schemaLocation="http://www.loc.gov/MARC21/slim http://www.loc.gov/standards/marcxml/schema/MARC21slim.xsd">
   <leader>00925njm 22002777a 4500</leader>
   <datafield ind2=" " ind1=" " tag="042">
      <subfield code="a">dc</subfield>
   </datafield>
   <datafield ind2=" " ind1=" " tag="720">
      <subfield code="a">Martí Escayol, Maria Antònia</subfield>
      <subfield code="e">author</subfield>
   </datafield>
   <datafield ind2=" " ind1=" " tag="260">
      <subfield code="c">2024</subfield>
   </datafield>
   <datafield ind2=" " ind1=" " tag="520">
      <subfield code="a">El artículo aborda la dimensión estética del movimiento ecosocial que entre 2011 y 2014 se opuso al proyecto de explotación de una mina de oro a cielo abierto emprendido por la empresa canadiense Edgewater y que afectaba la parroquia de Corcoesto y el conjunto de municipios de la Comarca de Bergantiños y la Costa da Morte de Galicia (España). Desde los marcos interpretativos de las humanidades ambientales, la justicia ambiental y los movimientos sociales el artículo analiza los modos con que los sujetos sublevados emprendieron el proceso de enmarcado del movimiento y como a través del lenguaje artístico (en especial a través de la literatura, la música, la pintura y la performance) se vehicularon las principales estrategias y acciones de reivindicación y contención.</subfield>
   </datafield>
   <datafield ind2=" " ind1=" " tag="520">
      <subfield code="a">The article addresses the aesthetic dimension of the ecosocial movement that between 2011 and 2014 opposed the project of exploitation of an open-pit gold mine undertaken by the Canadian company Edgewater and affecting the town of Corcoesto and other municipalities of both the Bergantiños region and the Costa da Morte of Galicia (Spain). By working within the interpretative frameworks of environmental humanities, environmental justice and social movements, the article analyzes the ways in which the uprising subjects undertook the process of framing the movement and the use of artistic language (especially literature, music, painting and performance) to convey the main strategies and actions of vindication and contention.</subfield>
   </datafield>
   <datafield ind1="8" ind2=" " tag="024">
      <subfield code="a">http://hdl.handle.net/2072/476958</subfield>
   </datafield>
   <datafield tag="653" ind2=" " ind1=" ">
      <subfield code="a">Activism</subfield>
   </datafield>
   <datafield tag="653" ind2=" " ind1=" ">
      <subfield code="a">Ecologism</subfield>
   </datafield>
   <datafield tag="653" ind2=" " ind1=" ">
      <subfield code="a">Environment</subfield>
   </datafield>
   <datafield tag="653" ind2=" " ind1=" ">
      <subfield code="a">Environmental humanities</subfield>
   </datafield>
   <datafield tag="653" ind2=" " ind1=" ">
      <subfield code="a">Environmental justice</subfield>
   </datafield>
   <datafield tag="653" ind2=" " ind1=" ">
      <subfield code="a">Extractivism</subfield>
   </datafield>
   <datafield tag="653" ind2=" " ind1=" ">
      <subfield code="a">Mining</subfield>
   </datafield>
   <datafield tag="653" ind2=" " ind1=" ">
      <subfield code="a">Social movements</subfield>
   </datafield>
   <datafield tag="653" ind2=" " ind1=" ">
      <subfield code="a">ODS 7: Energía asequible y no contaminante</subfield>
   </datafield>
   <datafield tag="653" ind2=" " ind1=" ">
      <subfield code="a">ODS 16: Paz, justicia e instituciones sólidas</subfield>
   </datafield>
   <datafield tag="653" ind2=" " ind1=" ">
      <subfield code="a">ODS 13: Acción por el clima</subfield>
   </datafield>
   <datafield tag="653" ind2=" " ind1=" ">
      <subfield code="a">ODS 12: Producción y consumo responsables</subfield>
   </datafield>
   <datafield ind2="0" ind1="0" tag="245">
      <subfield code="a">Activismo y arte como resistencia a la minería extractiva. El caso de Corcoesto (Galicia)</subfield>
   </datafield>
</record></metadata></record></GetRecord></OAI-PMH>